Study of the impact of TV viewing on the education of adolescent students (Record no. 172861)

MARC details
000 -LEADER
fixed length control field 00445nam a2200145Ia 4500
005 - DATE AND TIME OF LATEST TRANSACTION
control field 20240821160613.0
008 - FIXED-LENGTH DATA ELEMENTS--GENERAL INFORMATION
fixed length control field 240821s9999||||xx |||||||||||||| ||und||
082 ## - DEWEY DECIMAL CLASSIFICATION NUMBER
Classification number 374.2 TRI(R-Th)
100 ## - MAIN ENTRY--PERSONAL NAME
Personal name Tripathi, Aipana
245 #0 - TITLE STATEMENT
Title Study of the impact of TV viewing on the education of adolescent students
260 ## - PUBLICATION, DISTRIBUTION, ETC.
Place of publication, distribution, etc. Allahabad
Name of publisher, distributor, etc. Uttar Pradesh Rajarshi Tandon open university
Date of publication, distribution, etc. 2015
300 ## - PHYSICAL DESCRIPTION
Extent 30p.
650 ## - SUBJECT ADDED ENTRY--TOPICAL TERM
Topical term or geographic name entry element Adult education
942 ## - ADDED ENTRY ELEMENTS (KOHA)
Koha item type Book
Holdings
Withdrawn status Lost status Damaged status Not for loan Home library Current library Date acquired Total checkouts Barcode Date last seen Price effective from Koha item type
        Library and Documentation Division NCERT Library and Documentation Division NCERT 08/21/2024   F31901 08/21/2024 08/21/2024 Book